[Event "XLIV Memoriał Szachowy Ludwika Zamenhofa 2025, Grupa B"]
[Site "Bialystok, Poland"]
[Date "2025.12.27"]
[Round "2.12"]
[White "Fukowski, Pawel"]
[Black "Kicinska, Magdalena"]
[Result "1-0"]
[TimeControl "90'+30\""]
[WhiteElo "1997"]
[BlackElo "1883"]

1. d4 {[%clk 01:30:59]} {[%emt 00:00:29]} d5 {[%clk 01:30:52]} {[%emt
00:00:08]} 2. Nf3 {[%clk 01:31:24]} {[%emt 00:00:06]} Nf6 {[%clk 01:31:17]}
{[%emt 00:00:05]} 3. c4 {[%clk 01:31:20]} {[%emt 00:00:35]} e6 {[%clk
01:31:39]} {[%emt 00:00:08]} 4. g3 {[%clk 01:31:43]} {[%emt 00:00:06]} Nbd7
{[%clk 01:31:52]} {[%emt 00:00:16]} 5. Bg2 {[%clk 01:31:53]} {[%emt 00:00:21]}
Be7 {[%clk 01:31:42]} {[%emt 00:00:40]} 6. O-O {[%clk 01:32:08]} {[%emt
00:00:15]} O-O {[%clk 01:32:00]} {[%emt 00:00:12]} 7. Qc2 {[%clk 01:30:37]}
{[%emt 00:02:01]} c6 {[%clk 01:31:42]} {[%emt 00:00:49]} 8. b3 {[%clk
01:27:44]} {[%emt 00:03:23]} b6 {[%clk 01:31:14]} {[%emt 00:00:58]} 9. Nbd2
{[%clk 01:26:20]} {[%emt 00:01:53]} Bb7 {[%clk 01:30:56]} {[%emt 00:00:48]} 10.
Bb2 {[%clk 01:23:04]} {[%emt 00:03:47]} Rc8 {[%clk 01:27:24]} {[%emt 00:04:02]}
11. Rfd1 {[%clk 01:22:33]} {[%emt 00:01:00]} c5 {[%clk 01:25:04]} {[%emt
00:02:51]} 12. e3 {[%clk 01:19:09]} {[%emt 00:03:53]} dxc4 {[%clk 01:18:14]}
{[%emt 00:07:20]} 13. bxc4 {[%clk 01:18:45]} {[%emt 00:00:55]} cxd4 {[%clk
01:14:32]} {[%emt 00:04:11]} 14. exd4 {[%clk 01:17:36]} {[%emt 00:01:39]} b5
{[%clk 01:12:09]} {[%emt 00:02:53]} 15. c5 {[%clk 01:16:44]} {[%emt 00:01:22]}
Nd5 {[%clk 01:09:38]} {[%emt 00:03:01]} 16. a4 {[%clk 01:12:40]} {[%emt
00:04:34]} b4 {[%clk 01:03:56]} {[%emt 00:06:12]} 17. Nc4 {[%clk 01:10:01]}
{[%emt 00:03:09]} Ba6 {[%clk 00:56:14]} {[%emt 00:08:13]} 18. Nfd2 {[%clk
01:07:05]} {[%emt 00:03:25]} Nb8 {[%clk 00:48:57]} {[%emt 00:07:46]} 19. Bf1
{[%clk 01:02:01]} {[%emt 00:05:35]} Bb7 {[%clk 00:43:36]} {[%emt 00:05:52]} 20.
a5 {[%clk 00:53:34]} {[%emt 00:08:57]} Nc6 {[%clk 00:40:46]} {[%emt 00:03:19]}
21. a6 {[%clk 00:49:59]} {[%emt 00:04:05]} Ba8 {[%clk 00:40:44]} {[%emt
00:00:32]} 22. Ne4 {[%clk 00:48:54]} {[%emt 00:01:35]} Nb8 {[%clk 00:33:56]}
{[%emt 00:07:18]} 23. Qb1 {[%clk 00:43:51]} {[%emt 00:05:33]} Nf6 {[%clk
00:25:25]} {[%emt 00:09:01]} 24. Ned6 {[%clk 00:42:18]} {[%emt 00:02:03]} Rc6
{[%clk 00:23:59]} {[%emt 00:01:56]} 25. Na5 {[%clk 00:39:32]} {[%emt 00:03:16]}
Rxd6 {[%clk 00:21:34]} {[%emt 00:02:55]} 26. cxd6 {[%clk 00:39:39]} {[%emt
00:00:23]} Qxd6 {[%clk 00:21:42]} {[%emt 00:00:22]} 27. Nb7 {[%clk 00:39:04]}
{[%emt 00:01:04]} Bxb7 {[%clk 00:20:16]} {[%emt 00:01:56]} 28. axb7 {[%clk
00:39:26]} {[%emt 00:00:08]} Qb6 {[%clk 00:20:34]} {[%emt 00:00:12]} 29. Qa2
{[%clk 00:39:17]} {[%emt 00:00:40]} Qxb7 {[%clk 00:14:18]} {[%emt 00:06:46]} 30.
Qxa7 {[%clk 00:39:15]} {[%emt 00:00:31]} Qxa7 {[%clk 00:13:23]} {[%emt
00:01:26]} 31. Rxa7 {[%clk 00:39:43]} {[%emt 00:00:02]} Bd6 {[%clk 00:12:50]}
{[%emt 00:01:04]} 32. Bb5 {[%clk 00:37:59]} {[%emt 00:02:13]} Rd8 {[%clk
00:12:15]} {[%emt 00:01:05]} 33. Rc1 {[%clk 00:36:21]} {[%emt 00:02:08]} Nd5
{[%clk 00:10:58]} {[%emt 00:01:47]} 34. Rb7 {[%clk 00:35:26]} {[%emt 00:01:24]}
h6 {[%clk 00:08:24]} {[%emt 00:03:04]} 35. Kf1 {[%clk 00:33:28]} {[%emt
00:02:28]} Nf6 {[%clk 00:05:41]} {[%emt 00:03:14]} 36. Ba4 {[%clk 00:32:06]}
{[%emt 00:01:53]} Nd5 {[%clk 00:03:21]} {[%emt 00:02:50]} 37. Ke2 {[%clk
00:27:40]} {[%emt 00:04:55]} Na6 {[%clk 00:02:42]} {[%emt 00:01:10]} 38. Rc6
{[%clk 00:26:38]} {[%emt 00:01:31]} Nac7 {[%clk 00:02:35]} {[%emt 00:00:36]} 39.
Bb3 {[%clk 00:26:08]} {[%emt 00:01:01]} g5 {[%clk 00:01:31]} {[%emt 00:01:34]}
40. Kf3 {[%clk 00:25:49]} {[%emt 00:00:49]} Kg7 {[%clk 00:01:11]} {[%emt
00:00:50]} 41. h3 {[%clk 00:25:14]} {[%emt 00:01:05]} h5 {[%clk 00:00:43]}
{[%emt 00:00:58]} 42. Bc1 {[%clk 00:23:59]} {[%emt 00:01:44]} Kg6 {[%clk
00:00:44]} {[%emt 00:00:29]} 43. Bd2 {[%clk 00:23:26]} {[%emt 00:01:03]} h4
{[%clk 00:00:47]} {[%emt 00:00:28]} 44. gxh4 {[%clk 00:22:00]} {[%emt
00:01:56]} gxh4 {[%clk 00:01:10]} {[%emt 00:00:06]} 45. Rc1 {[%clk 00:21:49]}
{[%emt 00:00:42]} Ra8 {[%clk 00:00:35]} {[%emt 00:01:06]} 46. Rg1+ {[%clk
00:21:41]} {[%emt 00:00:38]} Kh7 {[%clk 00:00:44]} {[%emt 00:00:20]} 47. Bxd5
{[%clk 00:21:21]} {[%emt 00:00:50]} exd5 {[%clk 00:00:50]} {[%emt 00:00:24]} 48.
Bxb4 {[%clk 00:20:52]} {[%emt 00:00:59]} Bxb4 {[%clk 00:01:01]} {[%emt
00:00:19]} 49. Rxc7 {[%clk 00:20:00]} {[%emt 00:01:22]} Ra3+ {[%clk 00:01:03]}
{[%emt 00:00:28]} 50. Kg4 {[%clk 00:19:42]} {[%emt 00:00:48]} Kg6 {[%clk
00:01:10]} {[%emt 00:00:21]} 51. Kxh4+ {[%clk 00:18:33]} {[%emt 00:01:41]} Kf6
{[%clk 00:01:20]} {[%emt 00:00:19]} 52. Rg3 {[%clk 00:18:32]} {[%emt 00:00:31]}
Ra4 {[%clk 00:00:44]} {[%emt 00:01:06]} 53. Rf3+ {[%clk 00:17:34]} {[%emt
00:01:30]} Ke6 {[%clk 00:01:00]} {[%emt 00:00:11]} 54. Re3+ {[%clk 00:17:14]}
{[%emt 00:00:52]} Kf6 {[%clk 00:01:13]} {[%emt 00:00:17]} 55. Kg4 {[%clk
00:16:13]} {[%emt 00:01:32]} Bd2 {[%clk 00:00:35]} {[%emt 00:01:07]} 56. Rc6+
{[%clk 00:16:19]} {[%emt 00:00:23]} Kg7 {[%clk 00:00:54]} {[%emt 00:00:12]} 57.
Rd3 {[%clk 00:16:45]} {[%emt 00:00:05]} Be1 {[%clk 00:00:56]} {[%emt 00:00:28]}
58. Rc2 {[%clk 00:16:42]} {[%emt 00:00:33]} Ra6 {[%clk 00:00:58]} {[%emt
00:00:27]} 59. f4 {[%clk 00:15:04]} {[%emt 00:02:08]} Rg6+ {[%clk 00:00:50]}
{[%emt 00:00:38]} 60. Kf5 {[%clk 00:15:13]} {[%emt 00:00:21]} Re6 {[%clk
00:00:54]} {[%emt 00:00:26]} 61. Rc5 {[%clk 00:15:02]} {[%emt 00:00:41]} Bb4
{[%clk 00:00:36]} {[%emt 00:00:48]} 62. Rxd5 {[%clk 00:14:58]} {[%emt
00:00:35]} Bd6 {[%clk 00:00:59]} {[%emt 00:00:07]} 63. Kg4 {[%clk 00:14:35]}
{[%emt 00:00:52]} Rf6 {[%clk 00:00:58]} {[%emt 00:00:31]} 64. f5 {[%clk
00:13:47]} {[%emt 00:01:18]} Rh6 {[%clk 00:01:06]} {[%emt 00:00:23]} 65. h4
{[%clk 00:13:10]} {[%emt 00:01:07]} Be7 {[%clk 00:01:16]} {[%emt 00:00:18]} 66.
h5 {[%clk 00:13:12]} {[%emt 00:00:29]} Ra6 {[%clk 00:01:39]} {[%emt 00:00:07]}
67. Rh3 {[%clk 00:13:31]} {[%emt 00:00:11]} Ra1 {[%clk 00:01:59]} {[%emt
00:00:09]} 68. h6+ {[%clk 00:13:42]} {[%emt 00:00:20]} Kh7 {[%clk 00:02:06]}
{[%emt 00:00:24]} 69. Rd7 {[%clk 00:14:05]} {[%emt 00:00:06]} Re1 {[%clk
00:02:08]} {[%emt 00:00:28]} 70. f6 {[%clk 00:12:51]} {[%emt 00:01:44]} Bxf6
{[%clk 00:01:38]} {[%emt 00:01:00]} 71. Rxf7+ {[%clk 00:13:15]} {[%emt
00:00:06]} Kg6 {[%clk 00:02:02]} {[%emt 00:00:05]} 72. Rxf6+ {[%clk 00:13:38]}
{[%emt 00:00:07]} Kxf6 {[%clk 00:02:22]} {[%emt 00:00:11]} 73. h7 {[%clk
00:14:04]} {[%emt 00:00:04]} Rg1+ {[%clk 00:02:18]} {[%emt 00:00:34]} 74. Kf3
{[%clk 00:14:26]} {[%emt 00:00:07]} 1-0

[Event "XLIV Memoriał Szachowy Ludwika Zamenhofa 2025, Grupa B"]
[Site "Bialystok, Poland"]
[Date "2025.12.27"]
[Round "2.13"]
[White "Sawicki, Dorian"]
[Black "Fudala, Dominik"]
[Result "1/2-1/2"]
[TimeControl "90'+30\""]
[WhiteElo "1992"]
[BlackElo "1877"]

1. d4 {[%clk 01:30:57]} {[%emt 00:00:02]} d5 {[%clk 01:30:53]} {[%emt
00:00:07]} 2. Nf3 {[%clk 01:31:15]} {[%emt 00:00:13]} Nf6 {[%clk 01:31:15]}
{[%emt 00:00:08]} 3. c4 {[%clk 01:31:41]} {[%emt 00:00:04]} c6 {[%clk
01:31:37]} {[%emt 00:00:07]} 4. e3 {[%clk 01:32:06]} {[%emt 00:00:05]} Bf5
{[%clk 01:31:54]} {[%emt 00:00:13]} 5. Nc3 {[%clk 01:32:20]} {[%emt 00:00:16]}
e6 {[%clk 01:32:08]} {[%emt 00:00:16]} 6. Be2 {[%clk 01:29:11]} {[%emt
00:03:39]} h6 {[%clk 01:26:38]} {[%emt 00:06:01]} 7. O-O {[%clk 01:23:45]}
{[%emt 00:05:55]} Nbd7 {[%clk 01:25:43]} {[%emt 00:01:25]} 8. b3 {[%clk
01:23:24]} {[%emt 00:00:52]} Bd6 {[%clk 01:24:41]} {[%emt 00:01:31]} 9. Bb2
{[%clk 01:23:14]} {[%emt 00:00:40]} Ne4 {[%clk 00:44:26]} {[%emt 00:40:45]} 10.
Nd2 {[%clk 01:09:46]} {[%emt 00:13:59]} Qh4 {[%clk 00:42:27]} {[%emt 00:02:27]}
11. f4 {[%clk 01:08:54]} {[%emt 00:01:23]} Nxd2 {[%clk 00:34:42]} {[%emt
00:08:16]} 12. Qxd2 {[%clk 01:09:05]} {[%emt 00:00:19]} g5 {[%clk 00:33:24]}
{[%emt 00:01:47]} 13. g3 {[%clk 01:04:22]} {[%emt 00:05:13]} Qh3 {[%clk
00:33:45]} {[%emt 00:00:09]} 14. cxd5 {[%clk 00:57:24]} {[%emt 00:07:28]} exd5
{[%clk 00:33:04]} {[%emt 00:01:11]} 15. Bf3 {[%clk 00:50:03]} {[%emt 00:07:50]}
gxf4 {[%clk 00:17:31]} {[%emt 00:16:04]} 16. exf4 {[%clk 00:49:02]} {[%emt
00:01:30]} Nf6 {[%clk 00:15:23]} {[%emt 00:02:39]} 17. Rae1+ {[%clk 00:37:57]}
{[%emt 00:11:35]} Kf8 {[%clk 00:15:25]} {[%emt 00:00:28]} 18. Qc1 {[%clk
00:23:46]} {[%emt 00:14:41]} Kg7 {[%clk 00:05:54]} {[%emt 00:10:01]} 19. Ba3
{[%clk 00:15:26]} {[%emt 00:08:51]} Rhd8 {[%clk 00:05:22]} {[%emt 00:01:01]} 20.
Bxd6 {[%clk 00:11:25]} {[%emt 00:04:31]} Rxd6 {[%clk 00:05:51]} 21. Re5 {[%clk
00:10:36]} {[%emt 00:01:18]} Ng4 {[%clk 00:03:08]} {[%emt 00:03:13]} 22. Bxg4
{[%clk 00:10:06]} {[%emt 00:01:01]} Qxg4 {[%clk 00:03:05]} {[%emt 00:00:33]} 23.
Nd1 {[%clk 00:09:37]} {[%emt 00:00:59]} Be4 {[%clk 00:01:15]} {[%emt 00:02:20]}
24. Nf2 {[%clk 00:08:58]} {[%emt 00:01:09]} Qd7 {[%clk 00:01:40]} {[%emt
00:00:05]} 25. Qe3 {[%clk 00:07:18]} {[%emt 00:02:11]} f5 {[%clk 00:00:34]}
{[%emt 00:01:36]} 26. Qc3 {[%clk 00:06:10]} {[%emt 00:01:38]} Rf8 {[%clk
00:00:32]} {[%emt 00:00:32]} 27. Rc1 {[%clk 00:03:54]} {[%emt 00:02:45]} Kg8
{[%clk 00:00:32]} {[%emt 00:00:30]} 28. b4 {[%clk 00:04:08]} {[%emt 00:00:17]}
h5 {[%clk 00:00:31]} {[%emt 00:00:30]} 29. h4 {[%clk 00:03:18]} {[%emt
00:01:20]} Re6 {[%clk 00:00:31]} {[%emt 00:00:30]} 30. Rd1 {[%clk 00:02:24]}
{[%emt 00:01:24]} Kh7 {[%clk 00:00:42]} {[%emt 00:00:19]} 31. Nh3 {[%clk
00:02:42]} {[%emt 00:00:12]} Kg6 {[%clk 00:00:37]} {[%emt 00:00:35]} 32. Ng5
{[%clk 00:03:00]} {[%emt 00:00:13]} Rd6 {[%clk 00:00:34]} {[%emt 00:00:32]} 33.
Kf2 {[%clk 00:03:00]} {[%emt 00:00:30]} Rc8 {[%clk 00:00:41]} {[%emt 00:00:23]}
34. Ke3 {[%clk 00:02:32]} {[%emt 00:00:58]} Qc7 {[%clk 00:00:31]} {[%emt
00:00:40]} 35. a3 {[%clk 00:01:22]} {[%emt 00:01:40]} Qd7 {[%clk 00:00:31]}
{[%emt 00:00:32]} 36. Qb2 {[%clk 00:01:12]} {[%emt 00:00:39]} b6 {[%clk
00:00:48]} {[%emt 00:00:15]} 37. Rc1 {[%clk 00:01:01]} {[%emt 00:00:38]} Rc7
{[%clk 00:00:36]} {[%emt 00:00:42]} 38. Kf2 {[%clk 00:00:52]} {[%emt 00:00:39]}
Rc8 {[%clk 00:00:54]} {[%emt 00:00:12]} 39. Nh3 {[%clk 00:00:53]} {[%emt
00:00:29]} Rc7 {[%clk 00:00:32]} {[%emt 00:00:53]} 40. Ng1 {[%clk 00:01:10]}
{[%emt 00:00:12]} Qc8 {[%clk 00:00:56]} {[%emt 00:00:07]} 41. Qc3 {[%clk
00:01:05]} {[%emt 00:00:35]} c5 {[%clk 00:00:34]} {[%emt 00:00:53]} 42. bxc5
{[%clk 00:00:56]} {[%emt 00:00:38]} bxc5 {[%clk 00:01:03]} 43. dxc5 {[%clk
00:00:57]} {[%emt 00:00:29]} Rdc6 {[%clk 00:01:30]} {[%emt 00:00:03]} 44. Qd4
{[%clk 00:00:57]} {[%emt 00:00:30]} Rxc5 {[%clk 00:01:39]} {[%emt 00:00:21]} 45.
Rxc5 Rxc5 {[%clk 00:02:08]} 46. Ne2 {[%clk 00:00:46]} {[%emt 00:00:46]} Rc7
{[%clk 00:00:33]} {[%emt 00:02:05]} 47. Qb4 {[%clk 00:00:49]} {[%emt 00:00:27]}
Qd7 {[%clk 00:00:32]} {[%emt 00:00:31]} 48. Qf8 {[%clk 00:00:54]} {[%emt
00:00:24]} Kh7 {[%clk 00:00:31]} {[%emt 00:00:31]} 49. Re8 {[%clk 00:01:00]}
{[%emt 00:00:24]} Qg7 {[%clk 00:00:45]} {[%emt 00:00:16]} 50. Qxg7+ {[%clk
00:00:34]} {[%emt 00:00:57]} Kxg7 {[%clk 00:01:10]} {[%emt 00:00:06]} 51. Rb8
{[%clk 00:00:42]} {[%emt 00:00:20]} d4 {[%clk 00:00:31]} {[%emt 00:01:09]} 52.
Nxd4 {[%clk 00:00:56]} {[%emt 00:00:16]} Rc3 {[%clk 00:00:46]} {[%emt
00:00:15]} 53. Rb3 {[%clk 00:01:19]} {[%emt 00:00:07]} Rc1 {[%clk 00:00:42]}
{[%emt 00:00:35]} 54. Ne2 {[%clk 00:00:58]} {[%emt 00:00:51]} Ra1 {[%clk
00:00:45]} {[%emt 00:00:26]} 55. Rc3 {[%clk 00:00:58]} {[%emt 00:00:31]} Kf6
{[%clk 00:00:51]} {[%emt 00:00:24]} 56. Ke3 {[%clk 00:01:09]} {[%emt 00:00:18]}
Rd1 {[%clk 00:00:32]} {[%emt 00:00:49]} 57. Nd4 {[%clk 00:00:55]} {[%emt
00:00:44]} Rg1 {[%clk 00:00:33]} {[%emt 00:00:29]} 58. Kd2 {[%clk 00:00:39]}
{[%emt 00:00:47]} Rg2+ {[%clk 00:00:32]} {[%emt 00:00:30]} 59. Kc1 {[%clk
00:01:03]} {[%emt 00:00:06]} Rg1+ {[%clk 00:00:45]} {[%emt 00:00:17]} 60. Kd2
{[%clk 00:01:14]} {[%emt 00:00:19]} Rg2+ {[%clk 00:00:39]} {[%emt 00:00:36]} 61.
Ne2 {[%clk 00:01:29]} {[%emt 00:00:15]} Ke6 {[%clk 00:00:34]} {[%emt 00:00:35]}
62. Ke3 {[%clk 00:01:44]} {[%emt 00:00:15]} Kd6 {[%clk 00:00:33]} {[%emt
00:00:31]} 63. Rc8 {[%clk 00:00:58]} {[%emt 00:01:16]} Bb7 {[%clk 00:00:57]}
{[%emt 00:00:06]} 64. Rf8 {[%clk 00:00:59]} {[%emt 00:00:28]} Ke6 {[%clk
00:00:32]} {[%emt 00:00:56]} 65. Rh8 {[%clk 00:00:49]} {[%emt 00:00:39]} Kf6
{[%clk 00:00:31]} {[%emt 00:00:31]} 66. Rxh5 {[%clk 00:00:58]} {[%emt
00:00:22]} Kg6 {[%clk 00:00:52]} {[%emt 00:00:08]} 67. Rg5+ {[%clk 00:01:17]}
{[%emt 00:00:11]} Kf6 {[%clk 00:01:14]} {[%emt 00:00:08]} 68. h5 {[%clk
00:01:20]} {[%emt 00:00:27]} Rh2 {[%clk 00:00:43]} {[%emt 00:01:02]} 69. Rg6+
{[%clk 00:00:38]} {[%emt 00:01:12]} Kf7 {[%clk 00:01:07]} {[%emt 00:00:05]} 70.
Rh6 {[%clk 00:00:41]} {[%emt 00:00:27]} Kg7 {[%clk 00:00:31]} {[%emt 00:01:06]}
71. Rd6 {[%clk 00:01:00]} {[%emt 00:00:11]} Bg2 {[%clk 00:00:31]} {[%emt
00:00:30]} 72. Rd7+ {[%clk 00:00:57]} {[%emt 00:00:33]} Kf6 {[%clk 00:00:46]}
{[%emt 00:00:16]} 73. Rxa7 {[%clk 00:00:59]} {[%emt 00:00:27]} Rxh5 {[%emt
00:00:48]} 74. Ra6+ {[%clk 00:00:57]} {[%emt 00:00:30]} Ke7 {[%clk 00:00:51]}
{[%emt 00:00:09]} 75. Nd4 {[%clk 00:01:14]} {[%emt 00:00:14]} Bd5 {[%clk
00:00:49]} {[%emt 00:00:31]} 76. Rg6 {[%clk 00:00:39]} {[%emt 00:01:05]} Be4
{[%clk 00:00:44]} {[%emt 00:00:35]} 77. Rg5 {[%clk 00:00:36]} {[%emt 00:00:34]}
Rh3 {[%clk 00:00:56]} {[%emt 00:00:17]} 78. a4 {[%clk 00:00:35]} {[%emt
00:00:31]} Kf6 {[%clk 00:01:21]} {[%emt 00:00:05]} 79. Rg8 {[%clk 00:00:46]}
{[%emt 00:00:18]} Kf7 {[%clk 00:01:38]} {[%emt 00:00:13]} 80. Rg5 {[%clk
00:00:56]} {[%emt 00:00:21]} Kf6 {[%clk 00:01:56]} {[%emt 00:00:13]} 81. a5
{[%clk 00:00:56]} {[%emt 00:00:29]} Rh8 {[%clk 00:02:16]} {[%emt 00:00:11]} 82.
g4 {[%clk 00:00:39]} {[%emt 00:00:46]} Rh3+ {[%clk 00:02:38]} {[%emt 00:00:09]}
83. Kf2 {[%clk 00:00:53]} {[%emt 00:00:16]} fxg4 {[%clk 00:02:55]} {[%emt
00:00:13]} 84. Rxg4 {[%clk 00:01:18]} {[%emt 00:00:04]} Rd3 {[%clk 00:02:18]}
{[%emt 00:01:06]} 85. Ne2 {[%clk 00:00:49]} {[%emt 00:01:01]} Ra3 {[%clk
00:02:04]} {[%emt 00:00:43]} 86. Rg5 {[%clk 00:00:59]} {[%emt 00:00:20]} Bf5
{[%clk 00:01:33]} {[%emt 00:01:01]} 87. Nd4 {[%emt 00:00:31]} Rxa5 {[%clk
00:01:48]} {[%emt 00:00:15]} 88. Nxf5 {[%clk 00:00:31]} {[%emt 00:00:57]} Rxf5
{[%clk 00:02:11]} {[%emt 00:00:07]} 89. Rxf5+ {[%clk 00:00:51]} {[%emt
00:00:10]} Kxf5 {[%clk 00:02:40]} {[%emt 00:00:01]} 90. Kf3 {[%clk 00:01:20]}
Kf6 {[%clk 00:02:58]} {[%emt 00:00:13]} 91. Ke4 {[%clk 00:01:46]} {[%emt
00:00:04]} Ke6 {[%clk 00:03:23]} {[%emt 00:00:04]} 92. f5+ {[%clk 00:02:13]}
{[%emt 00:00:04]} Kf6 {[%clk 00:03:50]} {[%emt 00:00:04]} 93. Kf4 {[%clk
00:02:39]} {[%emt 00:00:03]} Kf7 {[%clk 00:04:16]} {[%emt 00:00:04]} 94. Ke5
{[%clk 00:03:06]} {[%emt 00:00:02]} Ke7 {[%clk 00:04:42]} {[%emt 00:00:05]} 95.
f6+ {[%clk 00:03:34]} {[%emt 00:00:02]} Kf7 {[%clk 00:05:09]} {[%emt 00:00:03]}
96. Kf5 {[%clk 00:04:01]} {[%emt 00:00:03]} Kf8 {[%clk 00:05:35]} {[%emt
00:00:04]} 97. Ke6 {[%clk 00:04:28]} {[%emt 00:00:03]} Ke8 {[%clk 00:06:02]}
{[%emt 00:00:03]} 98. f7+ {[%clk 00:04:55]} {[%emt 00:00:03]} Kf8 {[%clk
00:06:29]} {[%emt 00:00:03]} 99. Kf6 {[%emt 00:00:02]} 1/2-1/2

[Event "XLIV Memoriał Szachowy Ludwika Zamenhofa 2025, Grupa B"]
[Site "Bialystok, Poland"]
[Date "2025.12.27"]
[Round "2.14"]
[White "Olejko, Wojciech"]
[Black "Rajlich, Vaclav"]
[Result "1-0"]
[TimeControl "90'+30\""]
[WhiteElo "1853"]
[BlackElo "1985"]

1. Nf3 {[%clk 01:30:55]} {[%emt 00:00:04]} Nf6 {[%clk 01:30:14]} {[%emt
00:00:47]} 2. g3 {[%clk 01:31:23]} {[%emt 00:00:02]} g6 {[%clk 01:30:39]}
{[%emt 00:00:05]} 3. b3 {[%clk 01:31:44]} {[%emt 00:00:10]} d5 {[%clk
01:30:57]} {[%emt 00:00:11]} 4. Bb2 {[%clk 01:32:07]} {[%emt 00:00:06]} c5
{[%clk 01:31:22]} {[%emt 00:00:05]} 5. Bg2 {[%clk 01:32:28]} {[%emt 00:00:10]}
Bg7 {[%clk 01:31:49]} {[%emt 00:00:03]} 6. O-O {[%clk 01:32:46]} {[%emt
00:00:12]} O-O {[%clk 01:32:11]} {[%emt 00:00:07]} 7. d4 {[%clk 01:32:29]}
{[%emt 00:00:48]} cxd4 {[%clk 01:32:03]} {[%emt 00:00:38]} 8. Nbd2 {[%clk
01:29:47]} {[%emt 00:03:11]} Re8 {[%clk 01:29:28]} {[%emt 00:03:05]} 9. Bxd4
{[%clk 01:26:01]} {[%emt 00:04:16]} Nc6 {[%clk 01:29:32]} {[%emt 00:00:27]} 10.
Bb2 {[%clk 01:26:03]} {[%emt 00:00:28]} e5 {[%clk 01:29:12]} {[%emt 00:00:50]}
11. e3 {[%clk 01:25:11]} {[%emt 00:01:22]} e4 {[%clk 01:24:53]} {[%emt
00:04:49]} 12. Nd4 {[%clk 01:24:58]} {[%emt 00:00:43]} Ne5 {[%clk 01:25:04]}
{[%emt 00:00:18]} 13. Ne2 {[%clk 01:20:53]} {[%emt 00:04:35]} Bg4 {[%clk
01:22:47]} {[%emt 00:02:47]} 14. h3 {[%clk 01:17:24]} {[%emt 00:04:01]} Bd7
{[%clk 01:11:22]} {[%emt 00:11:54]} 15. Bd4 {[%clk 01:13:45]} {[%emt 00:04:09]}
Qc8 {[%clk 01:07:59]} {[%emt 00:03:52]} 16. Kh2 {[%clk 01:12:49]} {[%emt
00:01:24]} h5 {[%clk 01:05:44]} {[%emt 00:02:47]} 17. Bxe5 {[%clk 00:59:02]}
{[%emt 00:14:18]} Rxe5 {[%clk 01:06:03]} {[%emt 00:00:10]} 18. c4 {[%clk
00:56:08]} {[%emt 00:03:25]} Qe8 {[%clk 01:01:07]} {[%emt 00:05:25]} 19. Rc1
{[%clk 00:51:13]} {[%emt 00:05:25]} h4 {[%clk 00:59:40]} {[%emt 00:01:57]} 20.
g4 {[%clk 00:48:23]} {[%emt 00:03:20]} Qb8 {[%clk 00:47:20]} {[%emt 00:12:50]}
21. Kh1 {[%clk 00:46:26]} {[%emt 00:02:27]} Rg5 {[%clk 00:34:08]} {[%emt
00:13:43]} 22. cxd5 {[%clk 00:43:22]} {[%emt 00:03:33]} Rxd5 {[%clk 00:31:52]}
{[%emt 00:02:47]} 23. Nf4 {[%clk 00:40:39]} {[%emt 00:03:12]} Rd6 {[%clk
00:31:36]} {[%emt 00:00:46]} 24. Qc2 {[%clk 00:38:39]} {[%emt 00:02:31]} Rc6
{[%clk 00:28:16]} {[%emt 00:03:50]} 25. Qb1 {[%clk 00:32:26]} {[%emt 00:06:40]}
Rxc1 {[%clk 00:27:54]} {[%emt 00:00:55]} 26. Rxc1 {[%clk 00:29:20]} {[%emt
00:03:36]} g5 {[%clk 00:27:43]} {[%emt 00:00:41]} 27. Ne2 {[%clk 00:27:30]}
{[%emt 00:02:19]} Bxg4 {[%clk 00:24:26]} {[%emt 00:03:48]} 28. hxg4 {[%clk
00:25:06]} {[%emt 00:02:54]} Nxg4 {[%clk 00:24:15]} {[%emt 00:00:41]} 29. Kg1
{[%clk 00:24:46]} {[%emt 00:00:49]} Qh2+ {[%clk 00:24:00]} {[%emt 00:00:46]} 30.
Kf1 {[%clk 00:25:12]} {[%emt 00:00:03]} f5 {[%clk 00:17:35]} {[%emt 00:06:56]}
31. Ng1 {[%clk 00:24:36]} {[%emt 00:01:05]} Ne5 {[%clk 00:13:44]} {[%emt
00:04:22]} 32. Nxe4 {[%clk 00:18:41]} {[%emt 00:06:24]} fxe4 {[%clk 00:13:55]}
{[%emt 00:00:20]} 33. Qxe4 {[%clk 00:19:05]} {[%emt 00:00:06]} g4 {[%clk
00:11:46]} {[%emt 00:02:38]} 34. Qxb7 {[%clk 00:18:53]} {[%emt 00:00:42]} Rf8
{[%clk 00:12:02]} {[%emt 00:00:15]} 35. Rc7 {[%clk 00:18:56]} {[%emt 00:00:27]}
Nf7 {[%clk 00:07:25]} {[%emt 00:05:07]} 36. Bd5 {[%clk 00:16:28]} {[%emt
00:02:57]} Kh8 {[%clk 00:06:11]} {[%emt 00:01:43]} 37. Rxf7 {[%clk 00:15:53]}
{[%emt 00:01:05]} Rb8 {[%clk 00:06:23]} {[%emt 00:00:19]} 38. Qd7 {[%clk
00:15:18]} {[%emt 00:01:04]} g3 {[%clk 00:05:19]} {[%emt 00:01:34]} 39. Qg4
{[%clk 00:15:13]} {[%emt 00:00:32]} g2+ {[%clk 00:05:29]} {[%emt 00:00:25]} 40.
Ke2 {[%clk 00:15:17]} {[%emt 00:00:23]} 1-0